000 00369nam a2200145Ia 4500
008 230917s9999||||xx |||||||||||||| ||und||
040 _e102145
_aMAIN
041 _aEnglish
082 _a658.8 B469M
100 _aBhattacharyya, Sisir Kumar
245 0 _aMarketing management
260 _aJaipur
_bNational Publishing House
_c2004
300 _a752 p.
942 _cBK
999 _c110369
_d110369